000 00194nam a2200097Ia 4500
008 240331s9999 xx 000 0 und d
082 _bKAR
100 _aKarnad, G
245 0 _aTughlaq
942 _cL
999 _c3673
_d3673